000 00536nam a2200169Ia 4500
008 090201s9999 xx 000 0 und d
010 _aKPL-28565
040 _bमराठी
041 _aमराठी
082 _a30064
_b28565
100 _aवसंत नरहर फेणे
245 _aवैतागवानोळा
_cवसंत नरहर फेणे
260 _c2004
_bराधा प्रकाशन
300 _a124
_bमोठा
600 _aवैतागवानोळा
942 _cBOOK
999 _c228618
_d228618